عرض عادي عرض مارك
  • Reyes, Angela,

مدخل إسم شخص

عدد التسجيلات المستخدمة في: 1

001 - رقم الضبط

  • حقل الضبط: 7675

003 - معرف رقم الضبط

  • حقل الضبط: OSt

005 - تاريخ ووقت أخر عملية

  • حقل الضبط: 20111210105900.0

008 - عناصر بيانات ثابتة الطول

  • حقل تحكم ثابت الطول: 111210|||a|||||| | ||| d

040 ## - مصدر الفهرسة

  • هيئة الفهرسة الأصلية: OSt
  • وكالة الكتابة: OSt

100 ## - مدخل -- أسم شخص

  • إسم شخص: Reyes, Angela,
  • تواريخ مرتبطة بالاسم: 1970-

670 ## - بيانات المصدر موجوده

  • الاستشهاد بالمصدر: Work cat.: (OSt)0: Beyond yellow English :, 2009.